000 00690nam a2200241 a 4500
001 61576
003 BD-RjUL
005 20211209080959.0
008 170119s1989 ilua 001 0 eng d
020 _a0256062595
035 _a(BD-RjUL)61700
040 _aBD-RjUL
_beng
_cBD-RjUL
_dBD-RjUL
041 _aeng
082 _223
_a658.5
_bHIM 1989
100 1 _aHill, Terry,
_d1940-
_9183466
245 1 0 _aManufacturing strategy :
_btext and cases /
_cTerry Hill
260 _aHomewood, IL :
_bIrwin,
_c1989.
300 _axii, 516 p. :
_bill. ;
_c24 cm.
500 _aIncludes index
650 0 _aProduction management
_9175324
650 0 _aFactory management
_9179963
942 _2ddc
_cBK
999 _c61576
_d61576